| 000 | 00817nam a2200241 i 4500 | ||
|---|---|---|---|
| 001 | 60027 | ||
| 003 | ES-MaACL | ||
| 005 | 20240322170041.0 | ||
| 007 | t| | ||
| 008 | 031103s1951 fr ||||1| fre d | ||
| 245 | 0 | 2 |
_aL'Espagne / _cDoré Ogrizek ; avant-propos par Joseph Peyré ; textes de, Suzanne Chantal ... [et al.] ; illustrations de Beuville. |
| 260 |
_aParis : _bO.D.E., _c[1951] ( _eSaint-Ouen : _fGaston Maillet) |
||
| 300 |
_a414 p. ; _c17 cm. |
||
| 490 | 1 | _aLe monde en coleurs | |
| 600 | 0 | 4 |
_aOgrizek, Doré. _986581 |
| 600 | 1 | 4 |
_aBeuville. _9185630 |
| 651 | 4 |
_aEspaña- _xDescripción. _98184 |
|
| 700 | 1 |
_aPeyré, Joseph. _991595 |
|
| 700 | 1 |
_aChantal, Suzanne, _d1908-1994 _937982 |
|
| 830 | 0 |
_aLe monde en coleurs _9230541 |
|
| 852 |
_aES-MaACL _jD-7961 _bR.31976 |
||
| 999 |
_c60027 _d60027 |
||